00410nam a2200169Ia 4500003000400000005001700004008004100021020001500062050002300077100001900100245003200119260003500151300003300186440000600219521000700225526000800232OSt20140312152752.0140130s9999 xx 000 0 und d a0590484133 aPZ 7b.R382Ho 1995 aRelf, Patricia cPatricia Relf.aHops Home / bScholastic,c1995.aNew York : a40 p. :bcol. ill. ;c19 cm. v1 aG2 c400